000 00630nam a2200217 4500
001 136420
003 ES-MaACL
005 20250804043000.0
007 t|
008 070214s1987 sp r ||||1| spa d
020 _a84-7683-031-9
100 1 _aSádaba, Javier.
_9101274
245 1 0 _aEuskadi
_b: pensar el conflicto /
_cJavier Sádaba, Fernando Savater.
260 _aMadrid :
_bEd. Libertarias,
_c1987.
300 _a115 p. ;
_c20 cm.
490 1 _aEnsayo ;
_v19
700 1 _aSavater, Fernando,
_d1947-
_9104053
830 0 _aEnsayo ;
_v19
_9177699
852 _aES-MaACL
_jD-1183
_bR.114299
999 _c136420
_d136420